000 00367pab a2200145 454500
008 180718b1988 xxu||||| |||| 00| 0 eng d
100 _aMisra, Girish K.
245 _aProblems of solid waste management in Delhi
260 _c1988
300 _a53-68
362 _aJan.-Mar.
650 _aWaste, Disposal of - India - Delhi
773 _aNagarlok
909 _a20548
999 _c20548
_d20548